[Event "It \"]
[Site "masterchessopen.com London (England)"]
[Round "0"]
[White "Anagnostopoulos Dimitri (GRE)"]
[Black "Kudrin Sergey (USA)"]
[Result "1-0"]
[WhiteElo "2456"]
[BlackElo "2545"]

1.e4 c5 2.Nf3 d6 3.d4 cxd4 4.Nxd4 Nf6 5.Nc3 Nc6 6.Bg5 e6 7.Qd2 Be7 8.O-O-O
Nxd4 9.Qxd4 O-O 10.f4 Qa5 11.Kb1 Rd8 12.Qd2 Qc7 13.Bd3 a6 14.Rhe1 h6 15.Bxf6
Bxf6 16.e5 Be7 17.Qe3 Bd7 18.Qe4 g6 19.Qe3 dxe5 20.fxe5 Bf8 21.Qf4 Bg7 22.Re3
Bc6 23.Rde1 b5 24.Nd1 Rd7 25.Nf2 f5 26.h4 Rad8 27.Qg3 Kh7 28.Nh3 Rd4 29.Nf4
Qf7 30.Qf2 Be4 31.Ne2 Qd7 32.Nxd4 Qxd4 33.Kc1 Qxe5 34.c3 Qd5 35.Bxe4 fxe4
36.Kb1 b4 37.cxb4 Qd4 38.Qe2 Qxb4 39.Rxe4 Qb6 40.Rxe6 Qd4 41.Qc2 Qg4 42.Qe4
Rd1+ 43.Kc2 {#r} 1-0

[Event "It (open)"]
[Site "masterchessopen.com London (England)"]
[Round "0"]
[White "Smart Leslie (ENG)"]
[Black "Muir Andrew J (SCO)"]
[Result "0-1"]
[WhiteElo "2120"]
[BlackElo "2240"]

1.e4 c5 2.Nf3 Nc6 3.d4 cxd4 4.Nxd4 Nf6 5.Nc3 d6 6.Bg5 e6 7.Qd2 Be7 8.O-O-O O-O
9.f4 Nxd4 10.Qxd4 Qa5 11.e5 dxe5 12.Qxe5 Qxe5 13.fxe5 Nd5 14.Bxe7 Nxe7 15.Bb5
a6 16.Bd3 b5 17.Rhf1 Bb7 18.g3 Nd5 19.Be4 Nxc3 20.Bxb7 Nxd1 21.Bxa8 Ne3 22.Rf3
Nxc2 23.Bb7 Nb4 24.Ra3 Rb8 25.Bxa6 f6 26.Kd2 fxe5 27.Kc3 Nd5+ 28.Kd3 Nc7
29.Ke4 Kf7 30.Kxe5 Ke7 31.h4 Rb6 32.Bc8 Kd8 33.Rf3 Kxc8 34.Rf8+ Kb7 35.Rf7 Rc6
36.Rxg7 Rc5+ 37.Kd6 Rd5+ 38.Ke7 Kc6 39.Rxh7 Rd7+ 40.Kf6 Rxh7 41.Kg6 Re7 42.Kf6
Nd5+ 43.Ke5 Rg7 {#R} 0-1

[Event "?"]
[Site "masterchessopen.com Imperia (Italy)"]
[Round "0"]
[White "Mrdja Milan (CRO)"]
[Black "Testa Armando (ITA)"]
[Result "1-0"]
[WhiteElo "2402"]
[BlackElo "2210"]

1.e4 c5 2.Nf3 d6 3.d4 cxd4 4.Nxd4 Nf6 5.Nc3 Nc6 6.Bg5 e6 7.Qd2 Be7 8.O-O-O
Nxd4 9.Qxd4 O-O 10.f4 Qa5 11.Kb1 h6 12.Bh4 e5 13.Qd3 exf4 14.Be1 Qc5 15.Be2
Be6 16.Rf1 Rfd8 17.Nd5 Bxd5 18.exd5 Nd7 19.Rxf4 Rac8 20.Qf5 Ne5 21.Bc3 g6
22.Qh3 Bg5 23.Rfd4 b5 24.Qg3 a5 25.a3 Bf6 26.Rf4 Bg5 27.Re4 Bf6 28.Qe3 Qxe3
29.Rxe3 Nc4 30.Bxc4 Bxc3 31.Bxb5 Be5 32.h3 Rb8 33.c4 f5 34.Kc2 Rf8 35.Re2 g5
36.Kb3 Kg7 37.Ka4 Ra8 38.c5 Rf7 39.Rxe5 dxe5 40.d6 Rfa7 41.c6 e4 42.c7 Rc8
43.Rc1 {#r} 1-0

[Event "Ch Europe (juniors) (under 18) (g)"]
[Site "masterchessopen.com Straszetin (Poland)"]
[Round "9"]
[White "Korkina Svetlana (RUS)"]
[Black "Harwar Julie (ENG)"]
[Result "1-0"]
[WhiteElo "2280"]
[BlackElo "2050"]

1.e4 c5 2.Nf3 d6 3.d4 cxd4 4.Nxd4 Nf6 5.Nc3 Nc6 6.Bg5 e6 7.Qd2 Be7 8.O-O-O
Nxd4 9.Qxd4 O-O 10.f4 Qa5 11.Kb1 e5 12.Qd2 Kh8 13.f5 Bd7 14.Bxf6 gxf6 15.Qh6
Bc6 16.Bc4 Qd8 17.Rd3 Rg8 18.Bxf7 Qf8 19.Qxf8 Rgxf8 20.Be6 Rab8 21.g4 b5 22.h4
b4 23.Nd5 Bxd5 24.Bxd5 Rbc8 25.Rg3 Rc7 26.g5 Bd8 27.Rhg1 Rg7 28.Be6 Be7 29.g6
h6 30.Rb3 a5 31.Rd1 Ra8 32.Rd5 Bf8 33.Bf7 Ra7 34.a3 {#r} 1-0

[Event "It (open)"]
[Site "masterchessopen.com Baden-Baden (Germany)"]
[Round "0"]
[White "Ostojic Predrag (YUG)"]
[Black "Pienski Olaf (GER)"]
[Result "1-0"]
[WhiteElo "2325"]
[BlackElo "2090"]

1.e4 c5 2.Nf3 Nc6 3.d4 cxd4 4.Nxd4 Nf6 5.Nc3 d6 6.Bg5 e6 7.Qd2 Be7 8.O-O-O
Nxd4 9.Qxd4 O-O 10.f4 Qa5 11.Bc4 Bd7 12.Qd3 Rac8 13.Bb3 Rc7 14.Bh4 Rcc8 15.Be1
Qc5 16.Qe2 e5 17.f5 Bc6 18.g4 Qb4 19.g5 Nxe4 20.Nd5 Bxg5+ 21.Kb1 Bb5 22.Qg2
Qc5 23.Qxe4 Bc6 24.Bh4 {#r} 1-0

[Event "It (open)"]
[Site "masterchessopen.com Copenhagen (Denmark)"]
[Round "0"]
[White "Thorhallsson Throstur (ISL)"]
[Black "Muir Andrew J (SCO)"]
[Result "0-1"]
[WhiteElo "2405"]
[BlackElo "2311"]

1.e4 c5 2.Nf3 Nc6 3.d4 cxd4 4.Nxd4 Nf6 5.Nc3 d6 6.Bg5 e6 7.Qd2 Be7 8.O-O-O O-O
9.f4 Nxd4 10.Qxd4 Qa5 11.Bc4 Bd7 12.Kb1 Bc6 13.Rhe1 h6 14.Bh4 b5 15.Bb3 b4
16.Ne2 e5 17.Qe3 Ng4 18.Qg3 Bxh4 19.Qxh4 Ne3 20.Rxd6 Bxe4 21.fxe5 Qxe5 22.Qf4
Rae8 23.g3 Qc5 24.Rc1 Nd5 25.Bxd5 Bxd5 26.Nd4 Re4 27.Rxd5 Qxd5 28.Nf5 Rxf4
29.Ne7+ Kh7 30.Nxd5 Rd4 31.Nf4 Rd2 32.h4 Rfd8 33.Nd3 a5 34.Rg1 Rc8 35.Rc1 Rg2
36.Ne5 f6 37.Nd7 Rxg3 38.Nb6 Rc6 39.Nd7 Rh3 40.Re1 Rxh4 41.Nf8+ Kg8 42.Ng6 Re6
{#R} 0-1

[Event "?"]
[Site "masterchessopen.com corr."]
[Round "0"]
[White "Venni Alberto (ITA)"]
[Black "Pipitone Antonio (ITA)"]
[Result "1-0"]
[WhiteElo "1781"]
[BlackElo "1971"]

1.e4 c5 2.Nf3 d6 3.d4 cxd4 4.Nxd4 Nf6 5.Nc3 Nc6 6.Bg5 e6 7.Qd2 Be7 8.O-O-O O-O
9.f4 Nxd4 10.Qxd4 Qa5 11.Bc4 Bd7 12.e5 dxe5 13.fxe5 Bc6 14.Bd2 Nd7 15.Nd5 Qd8
16.Nxe7+ Qxe7 17.Rhe1 Rfc8 18.Qg4 Qc5 19.Bh6 g6 20.Re2 Re8 21.Qf4 Qe7 22.Rf2
Nb6 23.Bb3 Rac8 24.h4 Bd5 25.Rdf1 Rc7 26.h5 Bxb3 27.hxg6 hxg6 28.axb3 Nd5
29.Qh2 Qc5 30.Bg5 f5 31.exf6 Rf8 32.Qh6 Nxf6 33.b4 Qc4 34.Bxf6 {#r} 1-0

[Event "It (open)"]
[Site "masterchessopen.com Forli (Italy)"]
[Round "3"]
[White "Drei Andrea (ITA)"]
[Black "Testa Armando (ITA)"]
[Result "1-0"]
[WhiteElo "2260"]
[BlackElo "2210"]

1.e4 c5 2.Nf3 d6 3.d4 cxd4 4.Nxd4 Nf6 5.Nc3 Nc6 6.Bg5 e6 7.Qd2 Be7 8.O-O-O
Nxd4 9.Qxd4 O-O 10.f4 Qa5 11.Bc4 Bd7 12.Rhe1 Rfd8 13.f5 b5 14.Bb3 b4 15.Ne2
Ba4 16.Bxa4 Qxa4 17.Kb1 Rac8 18.Qd3 Rc5 19.Nd4 Rdc8 20.Re2 e5 21.Nb3 R5c6
22.Nc1 Bd8 23.Bxf6 Bxf6 24.Qb3 Qa5 25.Rd5 Qc7 26.Qd3 a5 27.Rb5 Rc4 28.Rd5 Be7
29.Qd1 a4 30.g3 Qc6 31.Nd3 Rxe4 32.Rxe4 Qxd5 33.Rxb4 e4 34.Nf2 Qc5 35.Rxe4 Bf6
36.Nd3 Qd5 37.Rxa4 Qxf5 38.Rf4 Qb5 39.Rf1 Rb8 40.b3 g6 41.Rxf6 {#r} 1-0

[Event "Bundesliga 1990/91 (2nd)"]
[Site "masterchessopen.com Germany"]
[Round "0"]
[White "Joecks Christian (GER)"]
[Black "Meyer Claus Dieter (GER)"]
[Result "0-1"]
[WhiteElo "2371"]
[BlackElo "2339"]

1.e4 c5 2.Nf3 Nc6 3.d4 cxd4 4.Nxd4 Nf6 5.Nc3 d6 6.Bg5 e6 7.Qd2 Be7 8.O-O-O O-O
9.f4 Nxd4 10.Qxd4 Qa5 11.Bc4 Bd7 12.e5 dxe5 13.fxe5 Bc6 14.Bd2 Nd7 15.Nd5 Qd8
16.Nxe7+ Qxe7 17.Rhe1 Rfd8 18.Qg4 Nf8 19.Bd3 Rd5 20.Bb4 Qd8 21.Kb1 Ng6 22.Bd6
Qh4 23.Qxh4 Nxh4 24.Rg1 Nxg2 25.Rxg2 Rxd6 26.Rxg7+ Kxg7 27.exd6 f5 28.c4 a5
29.b3 Kf6 30.c5 e5 31.a3 e4 32.b4 {#R} 0-1

[Event "It (open)"]
[Site "masterchessopen.com Mannheim (Germany)"]
[Round "2"]
[White "Sutterer Robert (GER)"]
[Black "Schott Raimund (FRA)"]
[Result "1-0"]
[WhiteElo "2205"]
[BlackElo "1925"]

1.e4 c5 2.Nf3 Nc6 3.d4 cxd4 4.Nxd4 Nf6 5.Nc3 d6 6.Bg5 e6 7.Qd2 Be7 8.O-O-O O-O
9.f4 Nxd4 10.Qxd4 Qa5 11.e5 dxe5 12.Qxe5 Qxe5 13.fxe5 Nd5 14.Bxe7 Nxe7 15.Bd3
Nc6 16.Rhe1 a6 17.Na4 Nb4 18.Nb6 Nxd3+ 19.Rxd3 Rb8 20.Red1 Re8 21.Rc3 g6
22.Rd4 {#r} 1-0

[Event "Ch Brazil"]
[Site "masterchessopen.com Porto Alegre (Brazil)"]
[Round "10"]
[White "Rodrigues Adriano (BRA)"]
[Black "Tsuboi Edson Kenji (BRA)"]
[Result "1-0"]
[WhiteElo "2305"]
[BlackElo "2350"]

1.e4 c5 2.Nf3 d6 3.d4 cxd4 4.Nxd4 Nf6 5.Nc3 Nc6 6.Bg5 e6 7.Qd2 Be7 8.f4 O-O
9.O-O-O Nxd4 10.Qxd4 Qa5 11.Qd2 h6 12.h4 b5 13.Bd3 b4 14.Nb1 Ba6 15.Qe2 Bxd3
16.Rxd3 Rfc8 17.Bxf6 Bxf6 18.Rxd6 Qxa2 19.e5 Be7 20.Rd7 Bf8 21.Rhd1 b3 22.c3
a5 23.f5 a4 24.f6 a3 25.fxg7 Rxc3+ 26.Nxc3 axb2+ 27.Kd2 b1=Q+ 28.Nxa2 bxa2
29.gxf8=Q+ Kxf8 30.Rxf7+ Kxf7 31.Qf3+ Kg7 32.Qxa8 Qb2+ 33.Ke1 Qc3+ 34.Kf1 {#r}
1-0

[Event "Tournament (team)"]
[Site "masterchessopen.com Pula (Croatia)"]
[Round "4"]
[White "Miranovic Rajko (SRB)"]
[Black "Markovic Miroljub (YUG)"]
[Result "1-0"]
[WhiteElo "2376"]
[BlackElo "2270"]

1.e4 c5 2.Nf3 d6 3.d4 cxd4 4.Nxd4 Nf6 5.Nc3 Nc6 6.Bg5 e6 7.Qd2 Be7 8.O-O-O
Nxd4 9.Qxd4 O-O 10.f4 Qa5 11.Bc4 Bd7 12.e5 dxe5 13.fxe5 Bc6 14.Bd2 Nd7 15.Nd5
Qd8 16.Nxe7+ Qxe7 17.Rhe1 Qc5 18.Qxc5 Nxc5 19.Bb4 Rfc8 20.Bxc5 Ba4 21.Bd6 {#r}
1-0

[Event "It (open)"]
[Site "masterchessopen.com Reykjavik (Iceland)"]
[Round "9"]
[White "Bjornsson Tomas (ISL)"]
[Black "Wessman Richard (SWE)"]
[Result "1-0"]
[WhiteElo "2300"]
[BlackElo "2500"]

1.e4 c5 2.Nf3 Nc6 3.d4 cxd4 4.Nxd4 Nf6 5.Nc3 d6 6.Bg5 e6 7.Qd2 Be7 8.O-O-O O-O
9.f4 Nxd4 10.Qxd4 Qa5 11.e5 dxe5 12.Qxe5 Qb6 13.Na4 Qc6 14.Bb5 Nd7 15.Qe2 Bxg5
16.Bxc6 Bxf4+ 17.Kb1 bxc6 18.Qe4 e5 19.Qxc6 Rb8 20.g3 Bh6 21.Rxd7 Bxd7 22.Qxd7
e4 23.Nc3 e3 24.Qxa7 Rbd8 25.a4 Rfe8 26.Re1 g6 27.a5 Ra8 28.Qc5 Rec8 29.Qa3
Bf8 30.b4 Rc4 31.Na2 Bh6 32.Rxe3 Bxe3 33.Qxe3 Rac8 34.c3 f5 35.a6 Re4 36.Qd2
Rce8 37.Qd5+ Kg7 38.a7 Re1+ 39.Nc1 {#r} 1-0

[Event "It (cat.11)"]
[Site "masterchessopen.com Beer-Sheva (Israel)"]
[Round "0"]
[White "Dolmatov Sergey (RUS)"]
[Black "Fishbein Alexander (USA)"]
[Result "1-0"]
[WhiteElo "2605"]
[BlackElo "2460"]

1.e4 c5 2.Nf3 Nc6 3.d4 cxd4 4.Nxd4 Nf6 5.Nc3 d6 6.Bg5 e6 7.Qd2 Be7 8.O-O-O O-O
9.f4 Nxd4 10.Qxd4 Qa5 11.Bc4 Bd7 12.e5 dxe5 13.fxe5 Bc6 14.Bd2 Rad8 15.Nd5
Rxd5 16.Bxa5 Rxd4 17.Rxd4 Bc5 18.Rd3 Ng4 19.Re1 h5 20.Re2 Nf2 21.Rb3 Rc8
22.Be1 Ng4 23.h3 Nh6 24.Bb5 Nf5 25.Bxc6 bxc6 26.Bf2 Nd4 27.Bxd4 Bxd4 28.Rd3
Bb6 29.Re4 Kf8 30.Rh4 g6 31.Rc4 Ke7 32.b4 Bg1 33.Kb2 Rb8 34.a4 a5 35.c3 {#r}
1-0

[Event "It \"]
[Site "masterchessopen.com Gausdal (Norway)"]
[Round "0"]
[White "Lanka Zigurds (LAT)"]
[Black "Hjelm Niclas (SWE)"]
[Result "1-0"]
[WhiteElo "2505"]
[BlackElo "2313"]

1.e4 c5 2.Nf3 Nc6 3.d4 cxd4 4.Nxd4 Nf6 5.Nc3 d6 6.Bg5 e6 7.Qd2 Be7 8.O-O-O O-O
9.f4 Nxd4 10.Qxd4 Qa5 11.Kb1 Rd8 12.Qd2 h6 13.Bxf6 Bxf6 14.Nd5 Qxd2 15.Nxf6+
gxf6 16.Rxd2 Kf8 17.Be2 Ke7 18.Rhd1 e5 19.Rf1 Rg8 20.g3 b6 21.Bc4 Bb7 22.fxe5
dxe5 23.Bxf7 Ba6 24.Bxg8 Bxf1 25.Bd5 Rc8 26.c3 Bc4 27.Kc2 h5 28.Bxc4 Rxc4
29.Kd3 Rc8 30.Ke3 Ke6 31.Kf3 Rg8 32.c4 Rc8 33.b3 b5 34.Rc2 bxc4 35.Rxc4 Rxc4
36.bxc4 Kd6 37.h4 {#r} 1-0

[Event "It (open)"]
[Site "masterchessopen.com Gausdal (Norway)"]
[Round "0"]
[White "Lanka Zigurds (LAT)"]
[Black "Kotronias Vasilios (GRE)"]
[Result "0-1"]
[WhiteElo "2505"]
[BlackElo "2520"]

1.e4 c5 2.Nf3 d6 3.d4 cxd4 4.Nxd4 Nf6 5.Nc3 Nc6 6.Bg5 e6 7.Qd2 Be7 8.O-O-O O-O
9.f4 Nxd4 10.Qxd4 Qa5 11.Bc4 Bd7 12.Rd3 e5 13.Qg1 Be6 14.Bb3 exf4 15.Bxf4 Bxb3
16.cxb3 Rfe8 17.g4 Bf8 18.Bd2 Qe5 19.Re3 Rac8 20.Kb1 Qd4 21.Qg2 d5 22.e5 Rxe5
23.Rxe5 Qxe5 24.g5 Ne4 25.Nxe4 dxe4 26.Qe2 Bc5 27.Be3 Bxe3 28.Qxe3 Qd5 29.Re1
Qd3+ 30.Qxd3 exd3 31.Rd1 Rd8 32.Rd2 Kf8 33.Kc1 Ke7 34.Rg2 Rc8+ 35.Kd1 Rc2
36.Rg3 Rxh2 37.Rxd3 Rxb2 38.Rh3 Rg2 39.Re3+ Kd6 40.Rf3 Rxg5 {#R} 0-1

[Event "Tournament"]
[Site "masterchessopen.com Helsingborg (Sweden)"]
[Round "0"]
[White "Jersblad Johan (SWE)"]
[Black "Hjelm Niclas (SWE)"]
[Result "0-1"]
[WhiteElo "2090"]
[BlackElo "2313"]

1.e4 c5 2.Nf3 Nc6 3.d4 cxd4 4.Nxd4 Nf6 5.Nc3 d6 6.Bg5 e6 7.Qd2 Be7 8.O-O-O O-O
9.f4 Nxd4 10.Qxd4 Qa5 11.Bc4 Bd7 12.e5 dxe5 13.fxe5 Bc6 14.Bd2 Nd7 15.Nd5 Qd8
16.Nxe7+ Qxe7 17.Be3 Rfd8 18.Rhf1 Bxg2 19.Rg1 Nb6 20.Qg4 Rxd1+ 21.Kxd1 Nxc4
22.Bh6 Bf3+ 23.Qxf3 g6 24.Qf4 Rd8+ 25.Ke1 Qc5 26.Rf1 Qxe5+ 27.Qxe5 Nxe5 28.Rf4
Rd4 29.Rxd4 Nf3+ 30.Ke2 Nxd4+ 31.Kd3 Nc6 32.a3 f6 33.b4 Kf7 34.c4 e5 35.Be3
Ke6 36.b5 Nd4 37.Bxd4 exd4 38.Kxd4 b6 39.c5 bxc5+ 40.Kxc5 f5 41.a4 f4 42.Kd4
Kd6 43.a5 g5 44.Ke4 Kc5 45.b6 axb6 46.axb6 Kxb6 47.h4 h6 {#R} 0-1

[Event "It"]
[Site "masterchessopen.com Melbourne (Australia)"]
[Round "0"]
[White "Solomon Stephen J (AUS)"]
[Black "Canfell Gregory (AUS)"]
[Result "1-0"]
[WhiteElo "2420"]
[BlackElo "2326"]

1.e4 c5 2.Nf3 d6 3.d4 cxd4 4.Nxd4 Nf6 5.Nc3 Nc6 6.Bg5 e6 7.Qd2 Be7 8.O-O-O O-O
9.f4 Nxd4 10.Qxd4 Qa5 11.Kb1 a6 12.Be2 b5 13.e5 dxe5 14.fxe5 Nd5 15.Bxe7 Nxe7
16.Qc5 Ng6 17.b4 Qa3 18.Rd3 Nf4 19.Rf3 Bb7 20.Nd5 Qxa2+ 21.Kxa2 Bxd5+ 22.Kb2
Nxe2 23.Qe3 {#r} 1-0

[Event "It (cat.10)"]
[Site "masterchessopen.com Moscow (Russia)"]
[Round "0"]
[White "Lanka Zigurds (LAT)"]
[Black "Wessman Richard (SWE)"]
[Result "1-0"]
[WhiteElo "2505"]
[BlackElo "2423"]

1.e4 c5 2.Nf3 Nc6 3.d4 cxd4 4.Nxd4 Nf6 5.Nc3 d6 6.Bg5 e6 7.Qd2 Be7 8.O-O-O O-O
9.f4 Nxd4 10.Qxd4 Qa5 11.Kb1 Rd8 12.Qd2 Kf8 13.Bd3 h6 14.Bh4 b6 15.g4 Bb7
16.Rhg1 Rac8 17.g5 hxg5 18.fxg5 Nd7 19.Rdf1 Ne5 20.Qf4 g6 21.Be1 Qc5 22.Bf2
Qa5 23.Bd4 Ke8 24.Bb5+ Bc6 25.Bxe5 Bxb5 26.Qxf7+ Kd7 27.Rd1 Rc6 28.Bf6 Re8
29.e5 d5 30.Nxd5 exd5 31.Rxd5+ {#r} 1-0

[Event "It (open)"]
[Site "masterchessopen.com Oberwart (Austria)"]
[Round "0"]
[White "Yurtaev Leonid (KGZ)"]
[Black "Thorhallsson Throstur (ISL)"]
[Result "1-0"]
[WhiteElo "2525"]
[BlackElo "2388"]

1.e4 c5 2.Nf3 d6 3.d4 cxd4 4.Nxd4 Nf6 5.Nc3 Nc6 6.Bg5 e6 7.Qd3 Be7 8.O-O-O
Nxd4 9.Qxd4 O-O 10.f4 Qa5 11.Bc4 Bd7 12.e5 dxe5 13.fxe5 Bc6 14.Bd2 Nd7 15.Nd5
Qd8 16.Nxe7+ Qxe7 17.Rhe1 Qc5 18.Qxc5 Nxc5 19.Bf1 Rfc8 20.Be3 Nd7 21.Bd4 Kf8
22.Re3 a6 23.b3 b5 24.Kb2 Bd5 25.Ra1 Bc6 26.Rc1 Ke7 27.Rg3 Rg8 28.Rh3 h6
29.Bc3 Ra7 30.Rd1 f6 31.exf6+ Nxf6 32.Rg3 Bd5 33.Bd3 Rd7 34.Rf1 Ne8 35.Bh7 Rh8
36.Bg6 Rf8 37.Rxf8 Kxf8 38.Bb4+ Nd6 39.Rg4 Kg8 40.g3 e5 41.Rh4 Bf7 42.Bd3 Bd5
43.Rh5 Nf7 44.Rf5 e4 45.Be2 Ng5 46.c4 Be6 47.Re5 Kf7 48.cxb5 axb5 49.Bxb5 Rb7
50.a4 {#r} 1-0

[Event "Ch Scotland"]
[Site "masterchessopen.com Scotland"]
[Round "2"]
[White "Holmes Donald A (SCO)"]
[Black "Muir Andrew J (SCO)"]
[Result "1-0"]
[WhiteElo "2274"]
[BlackElo "2311"]

1.e4 c5 2.Nf3 Nc6 3.d4 cxd4 4.Nxd4 Nf6 5.Nc3 d6 6.Bg5 e6 7.Qd2 Be7 8.O-O-O O-O
9.f4 Nxd4 10.Qxd4 Qa5 11.Bc4 Bd7 12.e5 dxe5 13.fxe5 Bc6 14.Bd2 Nd7 15.Nd5 Qd8
16.Nxe7+ Qxe7 17.Rhe1 Nb6 18.Bb3 Rfc8 19.Qg4 Bd5 20.Bg5 Qf8 21.Re3 Rc7 22.Kb1
Bxb3 23.axb3 Nd5 24.Rh3 b5 25.Bf6 Nxf6 26.exf6 Rc5 27.Qh4 h6 28.fxg7 Qxg7
29.Qe4 Rf8 30.Rg3 Rg5 31.Rxg5 Qxg5 32.Rd3 Qc5 33.Rg3+ Kh8 34.Qf4 Qh5 {#r} 1-0

[Event "Ch Japan"]
[Site "masterchessopen.com Tokyo (Japan)"]
[Round "7"]
[White "Fukuda T (JPN)"]
[Black "Suzuki Tomomichi"]
[Result "0-1"]
[WhiteElo "2028"]
[BlackElo "2200"]

1.e4 c5 2.Nf3 Nc6 3.d4 cxd4 4.Nxd4 Nf6 5.Nc3 d6 6.Bg5 e6 7.Qd2 Be7 8.O-O-O
Nxd4 9.Qxd4 O-O 10.f4 Qa5 11.Kb1 h6 12.Bh4 e5 13.fxe5 dxe5 14.Qe3 Ng4 15.Qe1
Bxh4 16.Qxh4 Nf6 17.Bc4 Re8 18.Nd5 Nxd5 19.exd5 Qd8 20.Qf2 Qd6 21.Rhf1 Re7
22.Rde1 Bd7 23.Qh4 b5 24.Bb3 a5 25.a3 b4 26.a4 Rf8 27.g4 g5 28.Qg3 f6 29.h4
Rg7 30.Rg1 Re8 31.hxg5 Rxg5 32.Qh4 Kg7 33.Rg3 Rh8 34.Reg1 Be8 35.Qh2 e4 36.Qf2
Bf7 37.Qa7 Re8 38.Bc4 Re7 39.Qxa5 Bxd5 40.Qa6 Qxa6 41.Bxa6 e3 42.Be2 Be4 43.b3
Rc5 44.Rc1 Rc3 45.Kb2 Rd7 46.Rgg1 Rd2 47.Rge1 Bxc2 48.Ka1 Bxb3 49.a5 Rxc1+
50.Rxc1 Rxe2 {#R} 0-1

[Event "It (open)"]
[Site "masterchessopen.com Albacete (Spain)"]
[Round "4"]
[White "Bevia Luis Martinez (ESP)"]
[Black "Fernandez Fernandez Juan Jose (ESP)"]
[Result "1-0"]
[WhiteElo "2181"]
[BlackElo "1601"]

1.e4 c5 2.Nf3 d6 3.d4 cxd4 4.Nxd4 Nf6 5.Nc3 Nc6 6.Bg5 e6 7.Qd2 Be7 8.O-O-O O-O
9.f4 Nxd4 10.Qxd4 Qa5 11.Bc4 e5 12.Qd3 exf4 13.Bxf4 Rd8 14.Rhf1 Be6 15.Bxe6
fxe6 16.Qh3 Kf7 17.g4 h6 18.Qg3 Qc5 19.h4 Kg8 20.Qh3 Qc4 21.g5 Nxe4 22.Nxe4
Qxe4 23.Rde1 Qc4 24.gxh6 e5 25.Bg5 Rac8 26.c3 Bxg5+ 27.hxg5 Rc7 28.Qf5 Qxa2
29.h7+ Kh8 30.g6 Rcc8 31.Qf7 d5 32.Rxe5 Rxc3+ 33.bxc3 Qa1+ 34.Kd2 Qa2+ 35.Kd3
Qc4+ 36.Kd2 {#r} 1-0

[Event "It \"]
[Site "masterchessopen.com Buenos Aires (Argentina)"]
[Round "3"]
[White "Celis Gustavo (ARG)"]
[Black "Torella Rodolfo (ARG)"]
[Result "1-0"]
[WhiteElo "2379"]
[BlackElo "2022"]

1.e4 c5 2.Nf3 d6 3.d4 cxd4 4.Nxd4 Nf6 5.Nc3 Nc6 6.Bg5 e6 7.Qd2 Be7 8.O-O-O O-O
9.f4 Nxd4 10.Qxd4 Qa5 11.Bb5 a6 12.e5 dxe5 13.fxe5 Nd5 14.Bxe7 Nxe7 15.Bd3 Rb8
16.Bxh7+ Kxh7 17.Qh4+ Kg8 18.Qxe7 b5 19.Ne4 Bb7 20.Nf6+ gxf6 21.Rd4 Rfd8
22.Rg4+ {#r} 1-0

[Event "Ch World (juniors) (under 14)"]
[Site "masterchessopen.com Duisburg (Germany)"]
[Round "0"]
[White "Shaked Tal (USA)"]
[Black "Avrukh Boris (ISR)"]
[Result "0-1"]
[WhiteElo "2468"]
[BlackElo "2600"]

1.e4 c5 2.Nf3 Nc6 3.d4 cxd4 4.Nxd4 Nf6 5.Nc3 d6 6.Bg5 e6 7.Qd2 Be7 8.O-O-O
Nxd4 9.Qxd4 O-O 10.f4 Qa5 11.Bc4 Bd7 12.e5 dxe5 13.fxe5 Bc6 14.Bd2 Nd7 15.Nd5
Qc5 16.Nxe7+ Qxe7 17.Rhe1 Nb6 18.Bf1 Rfd8 19.Qg4 Qc5 20.Qb4 Qg1 21.Qh4 Qc5
22.Kb1 Qd4 23.Qh5 Na4 24.Bc1 Qb4 25.Ka1 Rd5 26.Bd3 Rxd3 27.cxd3 Bd5 28.Qe2 Nc5
29.b3 Rd8 30.Be3 Na6 31.Qb2 Qb5 32.Bg5 Rc8 33.Rc1 Bc6 34.Red1 Nb4 35.Qd4 h6
36.Be7 {#R} 0-1

[Event "Ch Finland (team)"]
[Site "masterchessopen.com Finland"]
[Round "0"]
[White "Alava Mikko (FIN)"]
[Black "Franssila Tommi (FIN)"]
[Result "1-0"]
[WhiteElo "2201"]
[BlackElo "2204"]

1.e4 c5 2.Nf3 Nc6 3.d4 cxd4 4.Nxd4 Nf6 5.Nc3 d6 6.Bg5 e6 7.Qd2 Be7 8.O-O-O
Nxd4 9.Qxd4 O-O 10.f4 Qa5 11.Bc4 h6 12.h4 d5 13.exd5 exd5 14.Nxd5 Nxd5 15.Bxd5
hxg5 16.hxg5 Bf5 17.Qe5 Be6 18.g6 Bxd5 19.Rh8+ {#r} 1-0

[Event "Ch France (team)"]
[Site "masterchessopen.com France"]
[Round "0"]
[White "Marciano David (FRA)"]
[Black "Schabanel Stephane (FRA)"]
[Result "1-0"]
[WhiteElo "2522"]
[BlackElo "2217"]

1.e4 c5 2.Nf3 d6 3.d4 cxd4 4.Nxd4 Nf6 5.Nc3 Nc6 6.Bg5 e6 7.Qd2 Be7 8.O-O-O O-O
9.f4 Nxd4 10.Qxd4 Qa5 11.Bc4 Bd7 12.e5 dxe5 13.fxe5 Bc6 14.Bd2 Nd7 15.Nd5 Qd8
16.Nxe7+ Qxe7 17.Rhe1 Nb6 18.Bf1 Rfc8 19.Kb1 Bd5 20.b3 Bc6 21.Bb4 Qg5 22.h4
Qg3 23.Rd3 Qg6 24.h5 Qxh5 25.Rh3 Qg5 26.Bd3 h6 27.Bd2 Rd8 28.Qf2 Qxg2 29.Qxg2
Bxg2 30.Rg3 Bc6 31.Bxh6 g6 32.Bg5 Nd7 33.Be4 f6 34.Bxf6 Nxf6 35.Rxg6+ Kf7
36.Rxf6+ Ke7 37.Bxc6 bxc6 38.Ref1 Rf8 39.Rxf8 Rxf8 40.Rxf8 Kxf8 41.a4 {#r} 1-0

[Event "Bundesliga 1991/92"]
[Site "masterchessopen.com Germany"]
[Round "0"]
[White "Maxion Dirk (GER)"]
[Black "Schirm Friedmar (GER)"]
[Result "0-1"]
[WhiteElo "2223"]
[BlackElo "2310"]

1.e4 c5 2.Nf3 Nc6 3.d4 cxd4 4.Nxd4 Nf6 5.Nc3 d6 6.Bg5 e6 7.Qd2 Be7 8.O-O-O
Nxd4 9.Qxd4 O-O 10.f4 Qa5 11.Bc4 Bd7 12.e5 dxe5 13.fxe5 Bc6 14.Bd2 Nd7 15.Nd5
Qd8 16.Nxe7+ Qxe7 17.Rhe1 Rfc8 18.Kb1 Qc5 19.Qxc5 Nxc5 20.Bf1 a5 21.Be3 Bd5
22.c4 Be4+ 23.Ka1 Bf5 24.b3 Na6 25.Kb2 a4 26.Rd2 Nb4 27.Bg5 axb3 28.axb3 h6
29.Be3 Ra2+ 30.Kc3 Nd5+ 31.Kd4 Ra5 32.Bf2 Rd8 33.Red1 Nf6+ 34.Kc3 Ne4+ 35.Kb4
Rxd2 36.Rxd2 Nxd2 37.Kxa5 Nxf1 {#R} 0-1

[Event "It (open)"]
[Site "masterchessopen.com Ljubljana (Slovenia)"]
[Round "2"]
[White "Savon Vladimir A (UKR)"]
[Black "Zelic Mladen (CRO)"]
[Result "1-0"]
[WhiteElo "2440"]
[BlackElo "2264"]

1.e4 c5 2.Nf3 Nc6 3.d4 cxd4 4.Nxd4 Nf6 5.Nc3 d6 6.Bg5 e6 7.Qd2 Be7 8.O-O-O
Nxd4 9.Qxd4 O-O 10.f4 Qa5 11.e5 dxe5 12.Qxe5 Qxe5 13.fxe5 Nd5 14.Bxe7 Nxe7
15.Bd3 Nd5 16.Nxd5 exd5 17.Be2 Be6 18.Bf3 Rfd8 19.Rd4 Rd7 20.Rhd1 Rad8 21.c4
Rc8 22.b3 b5 23.Bxd5 Rxd5 24.Rxd5 Bxd5 25.Rxd5 bxc4 26.b4 Kf8 27.Rd7 a6 28.Kc2
Rb8 29.Kc3 Rb5 30.Ra7 Rxe5 31.Rxa6 Ke7 32.Ra7+ Ke6 33.a4 Re1 34.Kxc4 Rc1+
35.Kb5 g5 36.a5 Rc2 37.a6 Rxg2 38.Rc7 Rxh2 39.a7 Ra2 40.Rc6+ {#r} 1-0

[Event "It (active)"]
[Site "masterchessopen.com Oviedo (Spain)"]
[Round "0"]
[White "Bologan Viktor (MDA)"]
[Black "Gonzalez Coto Jose Antonio (ESP)"]
[Result "1-0"]
[WhiteElo "2555"]
[BlackElo "2216"]

1.e4 c5 2.Nf3 d6 3.d4 cxd4 4.Nxd4 Nf6 5.Nc3 Nc6 6.Bg5 e6 7.Qd2 Be7 8.O-O-O O-O
9.f4 Nxd4 10.Qxd4 Qa5 11.Kb1 e5 12.Qd2 Rd8 13.f5 b5 14.Bxb5 Rb8 15.Bc4 Qb4
16.Bb3 Bb7 17.a3 Qc5 18.Bxf6 Bxf6 19.g4 Ba6 20.g5 Be7 21.f6 Bf8 22.h4 Bc4
23.Bxc4 Qxc4 24.Qd3 Qc5 25.Nd5 Rdc8 26.Rh2 Rb7 27.Ka2 Rcb8 28.b4 Qc6 29.c4 Rc8
30.Rc2 a5 31.b5 Qc5 32.Rb1 Rcb8 33.Kb3 {#r} 1-0